000
00266nam a22001097a 4500
008
170112b xxu||||| |||| 00| 0 eng d
020
_a
039754099X
041
_a
eng
080
_2
2ND
_a
618.2
245
_a
TEXTBOOK OF MEDICAL SURGICAL NURSING
_c
BRUNNER
942
_2
udc
_c
BK
999
_c
2801
_d
2801